<?xml version="1.0" encoding="UTF-8"?>
<record
    xmlns:xsi="http://www.w3.org/2001/XMLSchema-instance"
    xsi:schemaLocation="http://www.loc.gov/MARC21/slim http://www.loc.gov/standards/marcxml/schema/MARC21slim.xsd"
    xmlns="http://www.loc.gov/MARC21/slim">

  <leader>02142nam a22003017u 4500</leader>
  <controlfield tag="001">pwiiw0635</controlfield>
  <controlfield tag="003">OSt</controlfield>
  <controlfield tag="005">20260516120039.0</controlfield>
  <controlfield tag="008">090305t2009    au ||||| |||| 00| ||eng d</controlfield>
  <datafield tag="040" ind1=" " ind2=" ">
    <subfield code="c">OSt</subfield>
  </datafield>
  <datafield tag="041" ind1=" " ind2=" ">
    <subfield code="a">eng</subfield>
  </datafield>
  <datafield tag="100" ind1="1" ind2=" ">
    <subfield code="a">Gligorov, Vladimir</subfield>
  </datafield>
  <datafield tag="245" ind1="1" ind2="0">
    <subfield code="a">The crisis in Eastern Europe: What is to be done?</subfield>
  </datafield>
  <datafield tag="260" ind1=" " ind2=" ">
    <subfield code="a">Wien :</subfield>
    <subfield code="b">Wiener Institut f&#xFC;r Internationale Wirtschaftsvergleiche (wiiw),</subfield>
    <subfield code="c">2009.</subfield>
  </datafield>
  <datafield tag="300" ind1=" " ind2=" ">
    <subfield code="a">5 S., </subfield>
    <subfield code="b"></subfield>
    <subfield code="c">30cm.</subfield>
  </datafield>
  <datafield tag="490" ind1="1" ind2=" ">
    <subfield code="a">wiiw Policy Notes and Reports</subfield>
    <subfield code="v">2</subfield>
  </datafield>
  <datafield tag="520" ind1=" " ind2=" ">
    <subfield code="a">This policy note argues that the current global economic crisis enforces an adjustment process in the countries of Central, Eastern and Southeastern Europe (CEE and SEE) in the form of real exchange rate depreciation. Because of the weakness of financial institutions and built-up foreign currency debt such a process has inherent dangers to lead to overshooting and a possible capital flight out of these economies. In such circumstances the economies are severely constrained in putting the types of policies in place which are currently pursued in most of Western Europe, the USA and Japan, that is of backing up their banking system through recapitalization and through fiscal stimulus packages. Given the rather low levels of public debt in most of the CEE and SEE economies and the need to reinitiate the operation of the credit system, such policies have as much justification to be pursued in these economies as in the higher income countries. We hence advocate a determined approach by EU institutions and a coordinated approach by EU governments (in cooperation with IFIs) to back up a measured process of real exchange rate adjustment (in both flexible and fixed exchange rate countries) and to provide the backing necessary to pursue growth initiating policies in these economies.
</subfield>
  </datafield>
  <datafield tag="651" ind1=" " ind2=" ">
    <subfield code="a">Visegrad countries</subfield>
  </datafield>
  <datafield tag="651" ind1=" " ind2=" ">
    <subfield code="a">European Union</subfield>
  </datafield>
  <datafield tag="651" ind1=" " ind2=" ">
    <subfield code="a">Japan</subfield>
  </datafield>
  <datafield tag="651" ind1=" " ind2=" ">
    <subfield code="a">SEE</subfield>
  </datafield>
  <datafield tag="651" ind1=" " ind2=" ">
    <subfield code="a">USA</subfield>
  </datafield>
  <datafield tag="690" ind1=" " ind2=" ">
    <subfield code="a">Macroeconomic Analysis and Policy</subfield>
  </datafield>
  <datafield tag="700" ind1="1" ind2=" ">
    <subfield code="a">Landesmann, Michael</subfield>
  </datafield>
  <datafield tag="830" ind1=" " ind2="0">
    <subfield code="v">2</subfield>
    <subfield code="w">WIIW0000092</subfield>
    <subfield code="t">wiiw Policy Notes and Reports</subfield>
  </datafield>
  <datafield tag="856" ind1="4" ind2="0">
    <subfield code="u">https://wiiw.ac.at/p-635.html</subfield>
  </datafield>
  <datafield tag="942" ind1=" " ind2=" ">
    <subfield code="c">P</subfield>
  </datafield>
  <datafield tag="999" ind1=" " ind2=" ">
    <subfield code="c">8512</subfield>
    <subfield code="d">8512</subfield>
  </datafield>
  <datafield tag="952" ind1=" " ind2=" ">
    <subfield code="0">0</subfield>
    <subfield code="1">0</subfield>
    <subfield code="4">0</subfield>
    <subfield code="7">0</subfield>
    <subfield code="a">BIB</subfield>
    <subfield code="b">BIB</subfield>
    <subfield code="c">1</subfield>
    <subfield code="d">2009-03-05</subfield>
    <subfield code="i">pwiiw0635</subfield>
    <subfield code="l">0</subfield>
    <subfield code="o">/2</subfield>
    <subfield code="p">1000010000635</subfield>
    <subfield code="r">2009-03-05 00:00:00</subfield>
    <subfield code="w">2018-07-19</subfield>
    <subfield code="y">P</subfield>
  </datafield>
</record>
